000 00580cam a2200193 4500500
005 20260405001505.0
041 _afre
042 _adc
100 1 0 _aNathan, Tobie
_eauthor
245 0 0 _aLes grandes villes et la vie de l’esprit.
260 _c2013.
500 _a47
690 _aCatherine Portevin
690 _aGeorg Simmel
690 _aSensible
690 _aVille
786 0 _nPhilosophie magazine | 69 | 5 | 2013-05-01 | p. 56-56 | 1951-1787
856 4 1 _uhttps://shs.cairn.info/magazine-philosophie-magazine-2013-5-page-56?lang=fr&redirect-ssocas=7080
999 _c2048223
_d2048223